| 000 | 00752nam a2200253Ia 4500 | ||
|---|---|---|---|
| 003 | OSt | ||
| 005 | 20220928124517.0 | ||
| 006 | a|||||r|||| 00| 0 | ||
| 007 | ta | ||
| 008 | 220927b |||||||| |||| 00| 0 eng d | ||
| 020 | _c700 | ||
| 024 | _a127303 | ||
| 037 |
_b070, 10/11/2015, Classic Book Service _cTextual |
||
| 040 |
_aSDCL _cSDCL _beng |
||
| 041 |
_2eng _aeng |
||
| 082 | _aP15:(D65,8(B)), Q3 | ||
| 100 |
_aKulkarni Malhar Ed. _9465912 |
||
| 245 | 0 | _aRecent researches in sanskirt computational linguistics | |
| 260 | _c2013 | ||
| 300 |
_axvi,320p _ccm. |
||
| 650 |
_aSanskrit _9391587 |
||
| 942 |
_hP15:(D65,8(B)), Q3 _cTEXL _2CC |
||
| 999 |
_c778803 _d778803 |
||